| 000 | 00806nam a2200265Ia 4500 | ||
|---|---|---|---|
| 003 | OSt | ||
| 005 | 20220927103555.0 | ||
| 006 | a|||||r|||| 00| 0 | ||
| 007 | ta | ||
| 008 | 220926b |||||||| |||| 00| 0 eng d | ||
| 024 | _a112380 | ||
| 037 | _cReference Collections | ||
| 040 |
_aRTL _cRTL _beng |
||
| 041 |
_2eng _aeng |
||
| 082 | _a"J:1.7362.N6t4, K5/UN" | ||
| 110 | _a"UN, Food and Agriculture Organization" | ||
| 245 | 0 |
_aSoil survey of the Llanos orientales _b Colombia |
|
| 260 |
_aRome _bFood and Agriculture Organization _c1965 |
||
| 300 |
_a88p _ccm. |
||
| 490 | _vV1 | ||
| 650 |
_aAgriculture _9360004 |
||
| 700 | _a"UN, Food and Agriculture Organization" | ||
| 942 |
_h"J:1.7362.N6t4, K5/UN" _cCC |
||
| 999 |
_c684106 _d684106 |
||